| 000 | 01175nam0a22002411 4500 | ||
|---|---|---|---|
| 001 | rc\728521 | ||
| 005 | 20260406215017.0 | ||
| 035 | _a(NLR Aleph) 006259442 | ||
| 090 |
_a6832929 _c6832929 |
||
| 100 | _a20040301d1985 |||y0rusy50 ca | ||
| 101 | 0 | _arus | |
| 102 | _aRU | ||
| 105 | _ay ||||||||| | ||
| 200 | 1 |
_aОрганизация природоохранительной работы в школе, пионерском лагере _eМетод. рекомендации в помощь педагогу и вожатому в пион. лагере _fВладим. обл. совет Всерос. о-ва охраны природы. Метод. совет по работе с молодежью. Обл. станция юных натуралистов |
|
| 210 |
_aВладимир _cУпрполиграфиздат _d1985 |
||
| 215 |
_a32 с. _d20 |
||
| 320 | _aБиблиогр.: с. 21, 28 | ||
| 712 | 0 | 2 |
_aВсероссийское о-во охраны природы _bВладимирский обл. совет _9442446 _3RU\NLR\AUTH\889972998 |
| 801 | 0 |
_aRU _bNLR _gpsbo |
|
| 801 | 1 |
_aRU _bELAR _2rusmarc |
|
| 852 |
_aNLR _j86-4/21702 |
||
| 942 | _cBOOK | ||
| 980 | _aNB | ||